| Поле | Название | Значение |
| |
Тип записи |
a |
| |
Библиографический уровень |
m |
| 001 |
Контрольный номер |
LIBNET\0000900192 |
| 005 |
Дата корректировки |
20191223123833.7 |
| 010 |
Индекс ISBN |
__ |
| a |
ISBN |
978-5-6040249-9-7 |
| d |
Цена |
238-41 |
| 035 |
Другие системные номера |
__ |
| a |
Идентификатор записи |
RU\SurGU\books\139206 |
| 035 |
Другие системные номера |
__ |
| a |
Идентификатор записи |
RU\SurGU\books\139211 |
| 100 |
Данные общей обработки |
__ |
| a |
Данные общей обработки |
20180606d2017 k y0rusy0189 ca |
| 101 |
Язык документа |
0_ |
| a |
Язык текста |
rus |
| 102 |
Страна публикации |
__ |
| a |
Страна публикации |
RU |
| 105 |
Кодированные данные (монография) |
__ |
| a |
Кодированные данные (монография) |
y z 001zy |
| 200 |
Заглавие и сведения об ответственности |
1_ |
| a |
Заглавие |
Социально-правовые основы охраны и защиты интересов семьи и несовершеннолетних |
| e |
Сведения, относящиеся к заглавию |
монография |
| f |
Первые сведения об ответственности |
[Д. С. Дядькин и др. |
| g |
Последующие сведения об ответственности |
под общ. ред. Д. С. Дядькина |
| g |
Последующие сведения об ответственности |
Сургутский государственный университет] |
| 210 |
Выходные данные |
1_ |
| a |
Место издания |
Сургут |
| c |
Издательство |
Печатный мир г. Сургут |
| d |
Дата издания |
2017 |
| 215 |
Физическое описание |
__ |
| a |
Объем |
235 с. |
| 225 |
Серия (Журнальная рубрика) |
2_ |
| a |
Серия (Журнальная рубрика) |
Серия "25 лет СурГУ" |
| 300 |
Общие примечания |
__ |
| a |
Общие примечания |
На обложке: 25 - Сургутский государственный университет |
| 320 |
Библиография |
__ |
| a |
Библиография |
Библиография в подстрочных примечаниях |
| 330 |
Аннотация |
__ |
| a |
Аннотация |
В монографии освещены наиболее актуальные проблемы охраны и защиты семьи и детства в современной России. Предназначено для студентов, аспирантов и преподавателей вузов, практикующих юристов и всех интересующихся данной проблематикой. Нормативные акты приведены по состоянию на 1 мая 2017 г. |
| 606 |
Тематические рубрики |
1_ |
| 2 |
Код системы |
nlr_sh |
| 3 |
Контрольный № нормативной записи |
RU\NLR\AUTH\66949238 |
| a |
Основная рубрика |
Социология |
| 606 |
Тематические рубрики |
1_ |
| 2 |
Код системы |
nlr_sh1 |
| 3 |
Контрольный № нормативной записи |
RU\NLR\AUTH\6636082 |
| a |
Основная рубрика |
Семейное право |
| 610 |
Ключевые слова |
1_ |
| a |
Ключевые слова |
современное общество и семья |
| a |
Ключевые слова |
краеведение |
| a |
Ключевые слова |
труды СурГУ |
| a |
Ключевые слова |
семья и брак |
| 610 |
Ключевые слова |
1_ |
| a |
Ключевые слова |
несовершеннолетние дети |
| 610 |
Ключевые слова |
1_ |
| a |
Ключевые слова |
гражданско-правовая защита детей |
| 610 |
Ключевые слова |
1_ |
| a |
Ключевые слова |
Гражданский процесс |
| 610 |
Ключевые слова |
1_ |
| a |
Ключевые слова |
социальная поддержка семей |
| 610 |
Ключевые слова |
1_ |
| a |
Ключевые слова |
охрана прав семьи |
| 610 |
Ключевые слова |
1_ |
| a |
Ключевые слова |
алиментные обязательства родителей и детей |
| 610 |
Ключевые слова |
1_ |
| a |
Ключевые слова |
семья и несовершеннолетние дети |
| 610 |
Ключевые слова |
1_ |
| a |
Ключевые слова |
уголовные наказания |
| 610 |
Ключевые слова |
1_ |
| a |
Ключевые слова |
предупреждение преступности |
| 610 |
Ключевые слова |
1_ |
| a |
Ключевые слова |
Муниципальное образование и дети |
| 610 |
Ключевые слова |
1_ |
| a |
Ключевые слова |
органы местного самоуправления и дети |
| 686 |
Индексы других классификаций |
__ |
| a |
Индекс ББК |
к60.561.5 |
| a |
Индекс ББК |
к67.404.5 |
| 701 |
Альтернативная интеллектуальная ответственность (другие авторы) |
_1 |
| 3 |
Контрольный № нормативной записи |
LIBNET\UAF\0000076060 |
| a |
Фамилия |
Дядькин |
| b |
Имя |
Д. С. |
| f |
Даты |
1978- |
| g |
Полное личное имя |
Дмитрий Сергеевич |
| 4 |
Код отношения |
070 |
| 801 |
Источник записи |
_0 |
| a |
Страна |
RU |
| b |
Организация |
НБ Сургутского ГУ |
| c |
Дата составления |
20180625 |
| g |
Правила каталогизации |
RCR |
| 801 |
Источник записи |
_1 |
| a |
Страна |
RU |
| b |
Организация |
НБ Сургутского ГУ |
| c |
Дата составления |
20180702 |
| 2 |
Код формата |
rusmarc |
| 801 |
Источник записи |
_2 |
| a |
Страна |
RU |
| b |
Организация |
Центральная районная библиотека им. Г. А. Пирожникова |
| c |
Дата составления |
20181012 |
| 852 |
Данные о местонахождении |
__ |
| j |
Шифр хранения |
60.561.5 |
| i |
Авторский знак |
С 692 |
| 901 |
Тип документа |
__ |
| t |
Тип документа |
m |
| 902 |
Роль лиц |
__ |
| b |
Редактор БЗ |
ОКиОЛ/Струналь |